到達度評価‐その考え方と進め方= Achievement evaluation-the way of thinking and how to proceed
Đã lưu trong:
| Formáid: | Leabhar |
|---|---|
| Teanga: | Undetermined |
| Foilsithe: |
Japan
藤 原 政 雄
1979
|
| Ábhair: | |
| Clibeanna: |
Cuir Clib Leis
Gan Chlibeanna, Bí ar an gcéad duine leis an taifead seo a chlibeáil!
|
| Thư viện lưu trữ: | Trung tâm Học liệu Trường Đại học Cần Thơ |
|---|
| LEADER | 00520nam a2200169Ia 4500 | ||
|---|---|---|---|
| 001 | CTU_238973 | ||
| 008 | 210402s9999 xx 000 0 und d | ||
| 082 | |a 153.4 | ||
| 082 | |b A178 | ||
| 245 | 0 | |a 到達度評価‐その考え方と進め方= | |
| 245 | 0 | |b Achievement evaluation-the way of thinking and how to proceed | |
| 260 | |a Japan | ||
| 260 | |b 藤 原 政 雄 | ||
| 260 | |c 1979 | ||
| 650 | |a Tâm lý học,Psychology | ||
| 910 | |a Tuyến | ||
| 980 | |a Trung tâm Học liệu Trường Đại học Cần Thơ | ||